000 00914nam a2200229Ia 4500
001 11517
003 GE_BSU
008 181216s||||||||xx |||||||||||||| ||und||
040 _cGE_BSU
080 _a621.431.73(075.8)
100 _aხანთაძე,გ.
245 _aტრაქტორები და ავტომობილები(ძრავა).
245 _bსახელმძღვ.სას.სამ. ინ–ტის მექანიზაციის სპეც. სტუდენტებისათვის.
245 _cრედ:გ.ნიქაბაძე.
260 _aთბილისი.
260 _bგანათლება.
260 _c1974.
300 _a329გვ;25სმ.
300 _eილ;ცხრილები.
653 _aტრაქტორები და ავტომობილები(ძრავა).
942 _cBK
999 _c44712
_d44712